[Event "GER-ch U25-B"]
[Site "Willingen"]
[Date "2023.06.03"]
[Round "9"]
[White "Kutz, Ida Klara"]
[Black "Kuhlmann, Nils Magnus"]
[Result "0-1"]
[WhiteElo "1411"]
[BlackElo "1553"]
[PlyCount "50"]
[EventDate "2023.05.27"]
[EventType "swiss"]
[EventRounds "9"]
[EventCountry "GER"]
[SourceTitle "CBM 214 Extra"]
[Source "ChessBase"]
[SourceDate "2023.07.31"]
[SourceVersion "1"]
[SourceVersionDate "2023.07.31"]
[SourceQuality "1"]

1. Nf3 g6 2. g3 Bg7 3. Bg2 d5 4. 0-0 e5 5. c4 c6 6. cxd5 cxd5 7. d4 e4 8. Ng5 Nc6 9. Nh3 Bxd4 10. Nf4 Nge7 11. Nc3 Be6 12. Nxe6 fxe6 13. Nb5 Be5 14. Rb1 Nf5 15. Nc3 h5 16. e3 h4 17. Qg4 Kf7 18. f3 hxg3 19. hxg3 Nxg3 20. fxe4+ Nxf1 21. Bxf1 dxe4 22. Nxe4 Ke7 23. Bh3 Rxh3 24. Qxh3 Qd1+ 25. Kg2 Rh8 0-1

[Event "Sachsen-Anhalt-ch op"]
[Site "Magdeburg"]
[Date "2022.11.01"]
[Round "7"]
[White "Schumacher, Maik"]
[Black "Kuhlmann, Nils Magnus"]
[Result "1/2-1/2"]
[WhiteElo "1836"]
[BlackElo "1538"]
[PlyCount "62"]
[EventDate "2022.10.29"]
[EventType "swiss"]
[EventRounds "7"]
[EventCountry "GER"]
[SourceTitle "CBM 211 Extra"]
[Source "ChessBase"]
[SourceDate "2023.01.31"]
[SourceVersion "1"]
[SourceVersionDate "2023.01.31"]
[SourceQuality "1"]

1. d4 Nf6 2. Nc3 d6 3. Bf4 g6 4. e4 Nbd7 5. Nf3 Bg7 6. Qd2 c5 7. Bh6 Bxh6 8. Qxh6 cxd4 9. Nxd4 Qb6 10. Qd2 Qxb2 11. Rb1 Qa3 12. Be2 a6 13. 0-0 Qc5 14. Nb3 Qc6 15. Qd4 0-0 16. Bc4 Ne5 17. Bd5 Qc7 18. Nd2 Rb8 19. Bb3 Bd7 20. f4 Nc6 21. Qe3 Ng4 22. Qg3 Nd4 23. Rbe1 Nxb3 24. cxb3 Nf6 25. Kh1 e6 26. e5 Nh5 27. Qe3 dxe5 28. fxe5 Ng7 29. Nce4 Nf5 30. Nf6+ Kg7 31. Qg5 h6 1/2-1/2

[Event "Sachsen-Anhalt-ch op"]
[Site "Magdeburg"]
[Date "2022.10.31"]
[Round "5"]
[White "Wehrmann, Jens"]
[Black "Kuhlmann, Nils Magnus"]
[Result "0-1"]
[WhiteElo "1351"]
[BlackElo "1538"]
[PlyCount "66"]
[EventDate "2022.10.29"]
[EventType "swiss"]
[EventRounds "7"]
[EventCountry "GER"]
[SourceTitle "CBM 211 Extra"]
[Source "ChessBase"]
[SourceDate "2023.01.31"]
[SourceVersion "1"]
[SourceVersionDate "2023.01.31"]
[SourceQuality "1"]

1. d4 Nf6 2. Nc3 d6 3. Bf4 g6 4. Nf3 Bg7 5. e3 Nbd7 6. h3 0-0 7. Bd3 Nh5 8. Bh2 Re8 9. 0-0 Nhf6 10. Re1 e5 11. dxe5 dxe5 12. e4 Re6 13. Bf1 Qe7 14. Qe2 b6 15. Qc4 Nc5 16. Nd5 Nxd5 17. exd5 Ba6 18. Qb4 Bxf1 19. Kxf1 Rd6 20. Bxe5 Bxe5 21. Rxe5 Qd7 22. Qe1 Rxd5 23. Rxd5 Qxd5 24. Qd1 Qe6 25. b3 Qf6 26. Qd2 Qxa1+ 27. Ne1 Re8 28. a4 Ne4 29. Qb4 Nc3 30. Kg1 Qxe1+ 31. Kh2 Qe5+ 32. g3 Qc5 33. Qf4 Re2 0-1

[Event "GER-ch U10"]
[Site "Willingen"]
[Date "2019.06.09"]
[Round "1"]
[White "Dordevic, Tom"]
[Black "Kuhlmann, Nils Magnus"]
[Result "1-0"]
[WhiteElo "1158"]
[BlackElo "1227"]
[PlyCount "123"]
[EventDate "2019.06.08"]
[EventType "swiss"]
[EventRounds "11"]
[EventCountry "GER"]
[SourceTitle "CBM 191 Extra"]
[Source "ChessBase"]
[SourceDate "2019.09.30"]
[SourceVersion "1"]
[SourceVersionDate "2019.09.30"]
[SourceQuality "1"]

1. e4 e5 2. Nf3 Nc6 3. Bc4 Nf6 4. d3 d5 5. exd5 Nxd5 6. 0-0 Be7 7. h3 0-0 8. c3 Re8 9. Re1 Bf6 10. Bb3 Bf5 11. Bc2 Qd7 12. Nbd2 Nf4 13. Ne4 Bxe4 14. dxe4 Qxd1 15. Rxd1 Ne6 16. Be3 Rad8 17. Rd5 a6 18. Rad1 Ne7 19. Rxd8 Rxd8 20. Rxd8+ Nxd8 21. Bd3 Ndc6 22. Nd2 Ng6 23. g3 b5 24. a4 bxa4 25. Bxa6 Nd8 26. Bb5 Be7 27. Bxa4 Kf8 28. Nc4 Nb7 29. Bc6 Nd6 30. Nxd6 Bxd6 31. Kf1 Ne7 32. Ba4 Ng8 33. Ke2 Nf6 34. Kd3 Ke7 35. Bc6 Nd7 36. Kc4 Nb8 37. Kd5 Na6 38. Bb7 Nb8 39. Bc5 Bxc5 40. Kxc5 Kd7 41. b4 Kd8 42. Bc6 Na6+ 43. Kd5 Nb8 44. b5 f6 45. Ke6 Nxc6 46. bxc6 Ke8 47. f4 exf4 48. gxf4 g5 49. fxg5 fxg5 50. e5 h5 51. Kf5 g4 52. hxg4 hxg4 53. Kxg4 Ke7 54. Kf4 Ke6 55. c4 Ke7 56. Ke4 Ke6 57. Kd4 Ke7 58. Kc5 Ke6 59. Kb5 Kxe5 60. Ka6 Ke6 61. Kb7 Kd6 62. c5+ 1-0